000 00302nam a22001217a 4500
082 _a669.14 MON'S
100 _aMONYPENNY, J. H. G
_958331
245 _aSTAINLES IRON AND STEEL STAINLES STEELS IN INDUSTRY
250 _a3RD
260 _aLONDON
_bCHAPMAN & HALL
_c1951
300 _aVOL-1
942 _cBK
999 _c568528
_d568528